000 00630nam a2200229Ia 4500
003 OSt
005 20221007074842.0
006 a|||||r|||| 00| 0
007 ta
008 221006b |||||||| |||| 00| 0 eng d
024 _a12,627
037 _cTextual
040 _aFLL
_cFLL
_beng
041 _2eng
_aeng
082 _aV2,32.N7, M4
100 _aTrikha N.K. Au.
_9693237
245 0 _aSecond chamber of indian parliament
260 _aNew Delhi
_bAllied publishers private limited India
_c1984
300 _a226p
_ccm.
942 _hV2,32.N7, M4
_cTEXL
_2CC
999 _c1153914
_d1153914